Mezinárodní postavení Slovenska a jeho bezpečnostní situace

Vzájomný vzťah medzi bezpečnosťou a medzinárodným postavením krajiny. Vnútropolitický vývoj ako určujúci faktor medzinárodného postavenia krajiny. Medzinárodné súvislosti bezpečnosti Slovenskej republiky. Perspektívy do budúcnosti.

Uložené v:
Podrobná bibliografia
Hlavný autor: Leška, Vladimír
Médium: Kapitola
Jazyk:Czech
Predmet:
Tagy: Pridať tag
Žiadne tagy, Buďte prvý, kto otaguje tento záznam!

MARC

LEADER 00000naa a2200000 4500
001 r034302
005 20230927113021.9
041 0 |a cze 
044 |a CZ 
245 1 0 |a Mezinárodní postavení Slovenska a jeho bezpečnostní situace  |c Vladimír Leška 
520 |a Vzájomný vzťah medzi bezpečnosťou a medzinárodným postavením krajiny. Vnútropolitický vývoj ako určujúci faktor medzinárodného postavenia krajiny. Medzinárodné súvislosti bezpečnosti Slovenskej republiky. Perspektívy do budúcnosti. 
610 2 0 |a vzťahy politické medzinárodné 
610 2 0 |a bezpečnosť 
610 2 0 |a štát 
610 2 0 |a politika bezpečnostná 
610 2 0 |a politika zahraničná 
610 2 0 |a politika vnútorná 
610 2 0 |a Slovensko 
100 1 |a Leška, Vladimír